| 000 | 00864nam0a2200253 4500 | ||
|---|---|---|---|
| 001 | RU\NLR\bibl\1937667 | ||
| 005 | 20250616203007.0 | ||
| 010 |
_a978-5-89790-909-4 _95000 |
||
| 021 |
_aRU _b2012-57172 _94187 |
||
| 035 | _a(NLR Aleph) 001926960 | ||
| 090 |
_a3383019 _c3383019 |
||
| 100 | _a20120824d2012 |||y0rusy50 ca | ||
| 101 | 0 | _arus | |
| 102 | _aRU | ||
| 105 | _ay ||||||||| | ||
| 200 | 1 | _aАнглийский язык. 4 класс. Материалы к итоговой аттестации. Базовый уровень | |
| 210 |
_aМосква _cИнтеллект-Центр _d2012 |
||
| 215 | _d29 | ||
| 700 | 1 |
_aЮнева _bС. А. _4070 |
|
| 801 | 0 |
_aRU _bNLR _c20120824 _gRCR |
|
| 801 | 1 |
_aRU _bNLR _c20120824 |
|
| 942 | _cBOOK | ||
| 980 | _aNB | ||